000 00409nam a2200181Ia 4500
001 8057
005 20260306160541.0
008 260306t2006||||xx |||||||||||||| ||spa||
041 _aESP
082 _a370.1
_bF83 2006
100 _aFreinet, Elise
_eAUT
245 0 _aPedagogía Freinet
260 _c2006
300 _a185 páginas :
_ccm.
650 _aGEN
654 _aCED
942 _cLIB
_dJUS
_fJUS
_2ddc
_n
999 _c8057
_d8057